| 000 | 01632cam a22003974a 4500 | ||
|---|---|---|---|
| 001 | 14258703 | ||
| 003 | OSt | ||
| 005 | 20200617115052.0 | ||
| 008 | 060209s2006 ii b 001 0 eng | ||
| 010 | _a 2006345295 | ||
| 020 | _a9780195667110 | ||
| 020 | _a0195667115 | ||
| 025 | _aI-E-2006-345295; 59-13 | ||
| 037 |
_bLibrary of Congress -- New Delhi Overseas Office _cRs595.00 |
||
| 040 |
_aDLC _coclc _dDLC |
||
| 042 | _alcode | ||
| 043 | _aa-ii--- | ||
| 050 | 0 | 0 |
_aGN780.32.I4 _bI76 2006 |
| 082 |
_a954 _bSAH/I |
||
| 100 |
_93008 _aSahu, Bhairabi Prasad |
||
| 245 | 0 | 0 |
_aIron and social change in early India / _cBhairabi Prasad Sahu. |
| 260 |
_aNew Delhi : _bOxford University Press, _c2006. |
||
| 300 |
_axii, 248 p. ; _c22 cm. |
||
| 440 | 0 |
_aOxford in India readings. _pDebates in Indian history and society |
|
| 500 | _aCompiled articles, some previously published. | ||
| 504 | _aIncludes bibliographical references (p. [232]-237) and index. | ||
| 651 | 0 |
_aIndia _xSocial conditions _yTo 1200. |
|
| 651 | 0 |
_aIndia _xHistory _yTo 324 B.C. _xHistoriography. |
|
| 700 | 1 |
_aSahu, B. P., _d1957- |
|
| 856 | 4 | 2 |
_3Publisher description _uhttp://www.loc.gov/catdir/enhancements/fy0638/2006345295-d.html |
| 856 | 4 | 1 |
_3Table of contents only _uhttp://www.loc.gov/catdir/enhancements/fy0638/2006345295-t.html |
| 856 | 4 | 2 |
_3Contributor biographical information _uhttp://www.loc.gov/catdir/enhancements/fy0724/2006345295-b.html |
| 906 |
_a7 _bcbc _corigode _d3 _encip _f20 _gy-gencatlg |
||
| 942 |
_2ddc _cBK _h954 _iSAH/I _k954 _mSAH/I |
||
| 999 |
_c21036 _d21036 |
||